banner koha

By-products of Piper aduncum in the control of fusariosis in black pepper plant (Registro n. 340143)

MARC details
000 -LÍDER
fixed length control field 04215nab a2200361 i 4500
003 - CÓDIGO MARC DA AGÊNCIA CATALOGADORA
Campo de controle BR-BrBNA
005 - DATA E HORA DA ÚLTIMA ATUALIZAÇÃO
Campo de controle 20260223173932.0
008 - CAMPO DE TAMANHO FIXO
fixed length control field 260223b2017 bl.qr|pooa||| 00| 0 eng |
040 ## - FONTE DA CATALOGAÇÃO
Agência catalogadora BR-BrBNA
Idioma da catalogação eng
072 ## - CATEGORIA AGRIS
Código AGRIS F20
Código do objeto 2320
072 ## - CATEGORIA AGRIS
Código AGRIS H01
Código do objeto 4120
100 ## - ENTRADA PRINCIPAL - NOME PESSOAL
Nome pessoal Benchimol, Ruth Linda
100 ## - ENTRADA PRINCIPAL - NOME PESSOAL
Nome pessoal Sutton, John Clifford
100 ## - ENTRADA PRINCIPAL - NOME PESSOAL
Nome pessoal Bastos, Cleber Novais
100 ## - ENTRADA PRINCIPAL - NOME PESSOAL
Nome pessoal Silva, Carina Melo da
100 ## - ENTRADA PRINCIPAL - NOME PESSOAL
Nome pessoal Dias-Filho, Moacyr Bernardino
245 ## - TÍTULO PRINCIPAL
Título principal By-products of Piper aduncum in the control of fusariosis in black pepper plant
500 ## - NOTA GERAL
Nota geral <br/><br/>Publicação online; 20 ref.; 6 illus.; Summaries (En, Pt)
942 ## - ADDED ENTRY ELEMENTS (KOHA)
Koha item type Analítica
520 ## - NOTA DE RESUMO
Nota de conteúdo <br/><br/><br/>ABSTRACT - Fusariosis (Fusarium solani f.sp. piperis) is one of the most damaging diseases of black pepper crop in the Amazon zone and the application of organic materials to the soil may be an alternative to control this disease. Leaf residues of Piper aduncum were evaluated before and after the extraction of essential oil, as additives to the soil inoculated with Fusarium solani, in the survival and morphophysiological behavior of black pepper seedlings. The experiments were conducted at Embrapa Eastern Amazônia, Belém, PA. The effects of the by-products of the distillation of the essential oil of P. aduncum on the survival to fusariosis in black pepper seedlings and the effect of dry and crushed leaves of P. aduncum, preincubated in the soil, in the incidence of fusariosis and in the behavior of black pepper seedlings were evaluated. The addition of solid residues from P. aduncum oil extraction to the soil increased the survival of seedlings by 80% and in the presence of dry and crushed leaves of P. aduncum the survival was 83%. The net photosynthesis of the seedlings increased in the presence of residues of P. aduncum. The residues from the extraction of the essential oil of P. aduncum and its dry and crushed leaves, without oil extraction, have potential for use in the control of fusariosis in black pepper plants. <br/><br/><br/><br/>Key words: Fusarium solani f. sp. piperis; Piper nigrum; residues from essential oil extraction
520 ## - NOTA DE RESUMO
Nota de conteúdo <br/><br/><br/>RESUMO - A fusariose (Fusarium solani f. sp. piperis) é uma das doenças mais prejudiciais à cultura da pimenteira-do-reino na Amazônia e a aplicação de materiais orgânicos no solo pode ser uma alternativa de controle dessa doença. Avaliou-se os resíduos foliares de Piper aduncum, antes e após a extração do óleo essencial, como aditivos ao solo inoculado com Fusarium solani, na sobrevivência e no comportamento morfofisiológico de mudas de pimenteira-do-reino. Os experimentos foram conduzidos na Embrapa Amazônia Oriental, Belém, PA. Foram avaliados os subprodutos da destilação do óleo essencial de P. aduncum na sobrevivência de mudas de pimenteira-do-reino à fusariose e o efeito de folhas secas e trituradas de P. aduncum, pré-incubadas no solo, na incidência de fusariose e no comportamento de mudas de pimenteira-do-reino. A adição de resíduos sólidos da extração de óleo de P. aduncum ao solo aumentou a sobrevivência de mudas à fusariose em 80% e na presença de folhas secas e trituradas de P. aduncum o incremento médio na sobrevivência foi de 83%. A fotossíntese líquida das mudas aumentou na presença dos resíduos de P. aduncum. Os resíduos da extração do óleo essencial de P. aduncum e de suas folhas secas e trituradas, sem extração do óleo, tem potencial de uso no controle da fusariose da pimenteira-do-reino. <br/><br/><br/>Palavras-chave: Fusarium solani f. sp. piperis; Piper nigrum; resíduos da extração de óleo essencial
650 ## - ASSUNTO - THESAGRO
Cabeçalho tópico ou nome geográfico PIMENTA-D0-REINO
650 ## - ASSUNTO - THESAGRO
Cabeçalho tópico ou nome geográfico MUDA
650 ## - ASSUNTO - THESAGRO
Cabeçalho tópico ou nome geográfico DOENÇA DE PLANTA
650 ## - ASSUNTO - THESAGRO
Cabeçalho tópico ou nome geográfico FUSARIOSE
650 ## - ASSUNTO - THESAGRO
Cabeçalho tópico ou nome geográfico ÓLEO ESSENCIAL
650 ## - ASSUNTO - THESAGRO
Cabeçalho tópico ou nome geográfico EXTRAÇÃO
650 ## - ASSUNTO - THESAGRO
Cabeçalho tópico ou nome geográfico RESÍDUO
650 ## - ASSUNTO - THESAGRO
Cabeçalho tópico ou nome geográfico DEFESA VEGETAL
773 0# - ENTRADA ANALÍTICA
Host Biblionumber 4656
Registro do item 360167
Imprenta Recife-PE Universidade Federal Rural de Pernambuco 2006
Outro identificador 2026-0555
Título Revista Brasileira de Ciências Agrárias (Brazil)
ISSN 1981-1160
Colação v. 12(3) p. 303-308; (2017)
Número de controle de registro BR2025005582
856 ## - ACESSO E ENDEREÇO ELETRÔNICO
Identificador uniforme de recurso - URI http://www.agraria.pro.br/ojs32/index.php/RBCA/article/view/v12i3a5453/412

Nenhum exemplar disponível.

BINAGRI

Telefone: (61)3218-2567/2388/3357/2097 - binagri@agro.gov.br

Ministério da Agricultura e Pecuária , Esplanada dos Ministérios, Bloco D, Anexo B, Brasília/DF, CEP: 70.043-900